| 000 | 01495na a2200409 4500 | ||
|---|---|---|---|
| 001 | 15988 | ||
| 003 | MIRAKIL | ||
| 005 | 20181213155225.0 | ||
| 008 | 170124b tu 000 0 | ||
| 035 | _a15988 | ||
| 040 |
_aMilas _btur _cTR-AnCHP |
||
| 041 | _atur | ||
| 082 |
_aCHP 324.23072 _bC36s 1973 |
||
| 090 | _aBROŞÜR 344 | ||
| 110 | _aCumhuriyet Halk Partisi (CHP) | ||
| 222 | _aSeçim bildirgeleri | ||
| 245 |
_aAk günlere _bCumhuriyet Halk Partisi 1973 seçim bildirgesi _cCumhuriyet Halk Partisi |
||
| 246 | _aCHP 1973 seçim bildirgesi | ||
| 246 | _aCumhuriyet Halk Partisi 1973 seçim bildirgesi | ||
| 246 | _a1973 seçim bildirgesi | ||
| 260 |
_aAnkara _bCHP _c1973 _fAjans-Türk Matbaası |
||
| 300 |
_a234 s _c16 sm. |
||
| 440 |
_aCumhuriyet Halk Partisi yayınları _pBildirgeler |
||
| 610 |
_aCumhuriyet Halk Partisi (CHP) _xPropaganda ve ideolojiler _yBildirgeler |
||
| 610 |
_aCumhuriyet Halk Partisi (CHP) _xSeçim bildirgeleri, 1973 |
||
| 610 |
_aCumhuriyet Halk Partisi (CHP) _xSeçim kampanyaları, 1973 _ySeçim bildirgeleri |
||
| 650 |
_aSiyasal partiler _xPropaganda ve ideolojiler _yBildirgeler |
||
| 651 |
_aTürkiye _xSiyaset ve yönetim _y1970-1980 |
||
| 657 | _a1973 genel seçimleri | ||
| 657 | _aCHP seçim bildirgeleri | ||
| 657 | _aCHP seçim bildirgesi | ||
| 740 | _aCumhuriyet Halk Partisi 1973 seçim bildirgesi | ||
| 740 | _aCHP 1973 seçim bildirgesi | ||
| 830 | _aCHP bildirgeleri | ||
| 942 |
_2ddc _cBKS |
||
| 999 |
_c8821 _d8821 |
||